000 00536nam a22001697a 4500
008 150630b xxu||||| |||| 00| 0 alb d
020 _a9995677520
041 0 _aalb
080 _a140.8 :316.774
245 _aTekste kanonike të kërkimit në media :
_c Elihu Katz; John Durham Peters; Tamar Liebes; et. al.
260 _aTiranë :
_b ISHM ;
_c2009.
300 _a447 f.;
_c21 cm.
650 0 _aKomunikimi
650 0 _aMasmedia
650 0 _aFilozofia
942 _2udc
_cBK
999 _c1078
_d1078